| 000 | 00000nam##2200000za#4500 |
| 001 | 9.615782 |
| 003 | CaOODSP |
| 005 | 20210615101303 |
| 007 | ta |
| 008 | 150406|2001||||xxc||||| f|0| 0 eng|d |
| 020 | |a0-662-31192-2 |
| 040 | |aCaOODSP|beng |
| 043 | |an-cn--- |
| 086 | 1 |aNH18-23/82E |
| 110 | 2 |aCanada Mortgage and Housing Corporation. |
| 245 | 10|aEcoperth: a small rural community takes action on climate change |
| 260 | |aOttawa - Ontario : |bCanada Mortgage and Housing Corporation |c2001. |
| 300 | |a6p. : |bfig., graph ; |c28 cm. |
| 490 | 1 |aResearch highlight. Socio-economic series |v82 |
| 563 | |aPamphlet |
| 590 | |a01-42|b2001-10-19 |
| 690 | 07|aClimate change|2gcpds |
| 690 | 07|aRural communities|2gcpds |
| 775 | 08|tEcoperth: une petite collectivité rurale réagit contre le changement climatique |w(CaOODSP)9.625800 |
| 776 | 0#|tEcoPerth - a small rural community takes action on climate change |w(CaOODSP)9.571761 |
| 830 | #0|aResearch highlight. Socio-economic series ;|v82|w(CaOODSP)9.514827 |
| 986 | |aNHA 60975 |